Восточная часть Баренцева моря: экологические исследования района Штокмановского ГКМ и инфраструктурных объектов (Запись № 10787506)
[ простой вид ]
| 000 -МАРКЕР | |
|---|---|
| контрольное поле | 02498nam0a2200421 i 4500 |
| 001 - ИДЕНТИФИКАТОР ЗАПИСИ | |
| контрольное поле | RU\NLR\BIBL_A\010955067 |
| 005 - ИДЕНТИФИКАТОР ВЕРСИИ | |
| контрольное поле | 20260408064704.0 |
| 010 ## - МЕЖДУНАРОДНЫЙ СТАНДАРТНЫЙ НОМЕР КНИГИ (ISBN) | |
| Номер (ISBN) | 9785863492056 |
| Тираж | 60 |
| 021 ## - НОМЕР ГОСУДАРСТВЕННОЙ РЕГИСТРАЦИИ | |
| Код страны | Российская Федерация |
| Номер | 2015-100047 |
| Номер Листа государственной регистраци | 6230 |
| 035 ## - ДРУГИЕ СИСТЕМНЫЕ НОМЕРА | |
| Идентификатор записи | (NILC)RuMoRGB-008105757 |
| 035 ## - ДРУГИЕ СИСТЕМНЫЕ НОМЕРА | |
| Идентификатор записи | (NLR Aleph) 010955067 |
| 100 ## - ДАННЫЕ ОБЩЕЙ ОБРАБОТКИ | |
| Данные общей обработки | 20160121d2015 k y0rusy50 ca |
| 101 0# - ЯЗЫК РЕСУРСА | |
| Язык текста, звукозаписи и т.д. | русский |
| 102 ## - СТРАНА ПУБЛИКАЦИИ ИЛИ ПРОИЗВОДСТВА | |
| Страна публикации | Российская Федерация |
| 105 ## - ПОЛЕ КОДИРОВАННЫХ ДАННЫХ: ТЕКСТОВЫЕ МАТЕРИАЛЫ, МОНОГРАФИЧЕСКИЕ | |
| Кодированные данные о монографическом текстовом документе | ab z 000yy |
| 200 1# - ЗАГЛАВИЕ И СВЕДЕНИЯ ОБ ОТВЕТСТВЕННОСТИ | |
| Основное заглавие | Восточная часть Баренцева моря: экологические исследования района Штокмановского ГКМ и инфраструктурных объектов |
| Первые сведения об ответственности | [Анисимова Н. А., Бензик А. Н., Бойцов В. Д. и др.] |
| Последующие сведения об ответственности | под общ. ред. В. В. Минасяна, к.т.н., О. В. Титова, д.геогр.н. |
| -- | Федер. агентство по рыболовству, Полярный науч.-исслед. ин-т мор. рыбного хоз-ва и океанографии им. Н. М. Книповича (ПИНРО), О-во с огранич. ответственностью "Фрэком" |
| 210 ## - ПУБЛИКАЦИЯ, РАСПРОСТРАНЕНИЕ И ДР. | |
| Место издания, распространения и т.д. | Мурманск |
| Имя издателя, распространителя и т. д. | Изд-во ПИНРО |
| Дата издания, распространения и т.д. | 2015 |
| 215 ## - ФИЗИЧЕСКАЯ ХАРАКТЕРИСТИКА | |
| Специфическое обозначение материала и объем | 281 с. |
| Другие сведения о физической характеристике | ил., цв. ил., карт. |
| Размеры | 29 |
| 300 ## - ОБЩИЕ ПРИМЕЧАНИЯ | |
| Текст примечания | Авт. указаны на обороте тит. л. |
| 320 ## - ПРИМЕЧАНИЯ О НАЛИЧИИ В ДОКУМЕНТЕ БИБЛИОГРАФИИ / УКАЗАТЕЛЯ | |
| Текст примечания | Библиогр.: с. 263-280 |
| 606 1# - НАИМЕНОВАНИЕ ТЕМЫ КАК ПРЕДМЕТ | |
| Наименование темы | Экологические исследования |
| Географический подзаголовок | Баренцево море |
| -- | Восточная часть |
| Системный номер авторитетной/нормативной записи | 2269278 |
| Идентификатор авторитетной/нормативной записи | RU\NLR\AUTH\6601589382 |
| 607 ## - ГЕОГРАФИЧЕСКОЕ НАИМЕНОВАНИЕ КАК ПРЕДМЕТ | |
| Географическое наименование | Баренцево море |
| Тематический подзаголовок | Гидрология |
| Географический подзаголовок | Восточная часть |
| Системный номер авторитетной/нормативной записи | 2269272 |
| Идентификатор авторитетной/нормативной записи | RU\NLR\AUTH\6601589379 |
| 607 ## - ГЕОГРАФИЧЕСКОЕ НАИМЕНОВАНИЕ КАК ПРЕДМЕТ | |
| Географическое наименование | Баренцево море |
| Тематический подзаголовок | Загрязнение |
| Географический подзаголовок | Восточная часть |
| Системный номер авторитетной/нормативной записи | 2269274 |
| Идентификатор авторитетной/нормативной записи | RU\NLR\AUTH\6601589380 |
| 675 ## - УНИВЕРСАЛЬНАЯ ДЕСЯТИЧНАЯ КЛАССИФИКАЦИЯ (UDC/УДК) | |
| Индекс | 574 |
| 686 1# - ИНДЕКСЫ ДРУГИХ КЛАССИФИКАЦИЙ | |
| Индекс | Д221.9(912.1) |
| 686 1# - ИНДЕКСЫ ДРУГИХ КЛАССИФИКАЦИЙ | |
| Индекс | Д221.127(912.1) |
| 686 1# - ИНДЕКСЫ ДРУГИХ КЛАССИФИКАЦИЙ | |
| Индекс | Е082.401(912.1) |
| 701 #1 - ИМЯ ЛИЦА - АЛЬТЕРНАТИВНАЯ ОТВЕТСТВЕННОСТЬ | |
| Начальный элемент ввода | Анисимова |
| Часть имени, кроме начального элемента ввода | Н. А. |
| 701 #1 - ИМЯ ЛИЦА - АЛЬТЕРНАТИВНАЯ ОТВЕТСТВЕННОСТЬ | |
| Начальный элемент ввода | Бензик |
| Часть имени, кроме начального элемента ввода | А. Н. |
| Расширение инициалов личного имени | Александр Николаевич |
| 701 #1 - ИМЯ ЛИЦА - АЛЬТЕРНАТИВНАЯ ОТВЕТСТВЕННОСТЬ | |
| Начальный элемент ввода | Бойцов |
| Часть имени, кроме начального элемента ввода | В. Д. |
| Расширение инициалов личного имени | Владимир Дмитриевич |
| 702 #1 - ИМЯ ЛИЦА - ВТОРИЧНАЯ ОТВЕТСТВЕННОСТЬ | |
| Начальный элемент ввода | Минасян |
| Часть имени, кроме начального элемента ввода | В. В. |
| Код отношения | Редактор |
| 712 02 - НАИМЕНОВАНИЕ ОРГАНИЗАЦИИ - ВТОРИЧНАЯ ОТВЕТСТВЕННОСТЬ | |
| Код отношения | Прочие |
| Начальный элемент ввода | Полярный НИИ морского рыбного хозяйства и океанографии им. Н. М. Книповича |
| Идентифицирующий признак | Мурманск |
| Идентификатор авторитетной/нормативной записи | RU\NLR\AUTH\8810042692 |
| Системный номер авторитетной/нормативной записи | 584826 |
| 801 #0 - ИСТОЧНИК ЗАПИСИ | |
| Страна | Российская Федерация |
| Организация | РГБ |
| Дата составления | 20151225 |
| Правила каталогизации | RCR |
| 942 ## - ДОПОЛНИТЕЛЬНЫЕ ЭЛЕМЕНТЫ ЗАПИСИ (АБИС) | |
| Тип экземпляра АБИС | Книга |
| 980 ## - КОЛЛЕКЦИЯ | |
| Название коллекции | НБР |
Нет доступных экземпляров.